Case Of Antibiotics Resistant Of Escherichia Coli. Isolated From Feline At Animal Clinic In Sangkat Teuk Laok2, Khan Toul Kork, Phnom Penh,ករណី Escherichia Coli. ស៊ាំនឹងឳសថអង់ទីប៊ីយ៉ូទិកលើពិឡារ នៅគ្លីនិកសត្វ ក្នុងសង្កាត់ទឹកល្អក់២ ខណ្ឌទួលគោគ រាជធានីភ្នំពេញ (Record no. 25581)

000 -LEADER
fixed length control field 00749nam a22001217a 4500
040 ## - CATALOGING SOURCE
Transcribing agency RUA
082 ## - DEWEY DECIMAL CLASSIFICATION NUMBER
Classification number VEM CHO 2025 B705 Or.1
100 ## - MAIN ENTRY--AUTHOR NAME
Personal name CHORK SREYKA, ចក់ ស្រីកា
245 ## - TITLE STATEMENT
Title Case Of Antibiotics Resistant Of Escherichia Coli. Isolated From Feline At Animal Clinic In Sangkat Teuk Laok2, Khan Toul Kork, Phnom Penh,ករណី Escherichia Coli. ស៊ាំនឹងឳសថអង់ទីប៊ីយ៉ូទិកលើពិឡារ នៅគ្លីនិកសត្វ ក្នុងសង្កាត់ទឹកល្អក់២ ខណ្ឌទួលគោគ រាជធានីភ្នំពេញ
260 ## - PUBLICATION, DISTRIBUTION, ETC. (IMPRINT)
Place of publication PHNOM PENH
Name of publisher RUA
Year of publication 2025
300 ## - PHYSICAL DESCRIPTION
Number of Pages ix, 34p.
Other physical details ill.
Dimensions 29cm.
942 ## - ADDED ENTRY ELEMENTS (KOHA)
Koha item type សារណាបទ
952 ## - LOCATION AND ITEM INFORMATION (KOHA)
Withdrawn status [LOCAL, KOHA] 0
952 ## - LOCATION AND ITEM INFORMATION (KOHA)
Withdrawn status [LOCAL, KOHA] 0
Holdings
Permanent Location Date acquired Koha item type Lost status Shelving location Barcode Current Location Full call number
Library Block B2026-03-17សារណាបទ B705B7121222Library Block BVEM CHO 2025 B705 Or.1
Library Block B2026-03-17សារណាបទ B705B7121224Library Block BVEM CHO 2025 B705 Or.2
មជ្ឈមណ្ឌលឯការនៃសាកលវិទ្យាល័យភូមិន្ទកសិកម្មចំការដូង

Powered by Koha